|
|
|
|
| LEADER |
00000naa a2200000 ar4500 |
| 001 |
vtls008987684 |
| 003 |
SK-MaSNL |
| 005 |
20260302142252.0 |
| 008 |
070510e2006 xo | ||b |||| ||cze |
| 015 |
|
|
|a SNBRA2007/05
|2 snkbucl
|
| 038 |
|
|
|a SNKBUCL
|
| 040 |
|
|
|a SNKBUCL
|b slo
|c SNKBUCL
|e AACR2
|
| 041 |
0 |
|
|a cze
|
| 044 |
|
|
|a xo
|c SK
|
| 080 |
|
|
|a 78.071.1
|2 1997
|
| 100 |
1 |
|
|a Kibicová, Tereza,
|d 1975-
|4 aut
|9 102067
|
| 245 |
1 |
0 |
|a Slovanství v tvorbě Antonína Dvořáka z pohledu současnosti
|c Tereza Kibicová
|
| 504 |
|
|
|a Literatúra v poznámkach
|
| 600 |
1 |
7 |
|a Dvořák, Antonín,
|d 1841-1904
|2 snkbucl
|
| 650 |
0 |
7 |
|a slovanstvo
|2 snkbucl
|9 15139
|
| 773 |
0 |
|
|t Sociálne vedy a humanistika očami mladých
|d Bratislava : VEDA, 2006
|g S. 274-280
|z 8022409073
|
| 852 |
|
|
|a SNK
|b KIS3GCP
|
| 958 |
|
|
|a CZ
|
| 958 |
|
|
|a NB
|
| 999 |
|
|
|c 1338721
|d 1340651
|